Collected Stories of O. Henry (Record no. 63965)
[ view plain ]
| 000 -LEADER | |
|---|---|
| fixed length control field | 00235nam a22000977a 4500 |
| 100 ## - MAIN ENTRY--AUTHOR NAME | |
| Personal name | Singh,Vijay Pal |
| 245 ## - TITLE STATEMENT | |
| Title | Collected Stories of O. Henry |
| 260 ## - PUBLICATION, DISTRIBUTION, ETC. (IMPRINT) | |
| Place of publication | Delhi |
| Name of publisher | Sahitya Surbhi |
| Year of publication | 2017 |
| 650 ## - SUBJECT ADDED ENTRY--TOPICAL TERM | |
| Topical Term | Stories |
| 942 ## - ADDED ENTRY ELEMENTS (KOHA) | |
| Koha item type | Books |
| Withdrawn status | Lost status | Damaged status | Not for loan | Home library | Current library | Date acquired | Cost, normal purchase price | Full call number | Accession Number | Price effective from | Koha item type |
|---|---|---|---|---|---|---|---|---|---|---|---|
| MACL | MACL | 28/11/2020 | 950.00 | 823/SIN | CRE035606 | 28/11/2020 | Books |









